Tribhuvan University Central Library

Deposit mobilization Nepalese Commercial banks ; a comparative study of Everest bank limited and Siddartha bank limited (Record no. 104676)

MARC details
000 -LEADER
fixed length control field 00497nam a22001577a 4500
008 - FIXED-LENGTH DATA ELEMENTS--GENERAL INFORMATION
fixed length control field 220508b |||||||| |||| 00| 0 eng d
082 ## - DEWEY DECIMAL CLASSIFICATION NUMBER
Classification number CD 20053
100 ## - MAIN ENTRY--PERSONAL NAME
Personal name Adhikari, Ajat
245 ## - TITLE STATEMENT
Title Deposit mobilization Nepalese Commercial banks ; a comparative study of Everest bank limited and Siddartha bank limited
260 ## - PUBLICATION, DISTRIBUTION, ETC. (IMPRINT)
Place of publication, distribution, etc Kathmandu:
Date of publication, distribution, etc 2021
502 ## - DISSERTATION NOTE
Dissertation note Dissertation ( Degree in Business ), TU
650 ## - SUBJECT ADDED ENTRY--TOPICAL TERM
Topical term or geographic name as entry element Deposits
650 ## - SUBJECT ADDED ENTRY--TOPICAL TERM
Topical term or geographic name as entry element Commercial bank
650 ## - SUBJECT ADDED ENTRY--TOPICAL TERM
Topical term or geographic name as entry element Banking
942 ## - ADDED ENTRY ELEMENTS (KOHA)
Source of classification or shelving scheme Dewey Decimal Classification
Koha item type Audio Visual Materials

No items available.